000 01598 a2200205 4500
999 _c26811
_d26811
020 _a9781107546363
082 _a342.083
_bRAN-N
100 _aRangelov, Iavor
245 _aNationalism and the Rule of Law
_b: Lessons from the Balkans and Beyond
260 _bCambridge University Press
_c2015
300 _a230, pp.
520 _aThe relationship between nationalism and the rule of law has been largely neglected by scholars although separately they have often captured public discourse and have emerged as critical concepts. This book provides the first systematic account of this relationship. It develops an analytical framework for understanding the interactions of nationalism and the rule of law by focusing on the domains of citizenship, transitional justice and international justice. The book engages these insights further in a detailed empirical analysis of three case studies from the former Yugoslavia. The author argues that while the tensions and contradictions between nationalism and the rule of law have become more apparent in the post-Cold War era, they can also be harnessed for productive purposes. In exploring the role of law in managing and transforming nationalism, the book emphasises the deliberative character of legal processes and offers an original perspective on the power of international law to reshape public discourse, politics, and legal orders.
650 _aInternational criminal law
650 _aLegislation
650 _aTransitional justice
650 _aNationalism
650 _aYugoslavia
650 _aRule of law
942 _2ddc
_cBK